000 00282nam a22001217a 4500
008 180905b xxu||||| |||| 00| 0 eng d
041 _aeng
080 _a510
100 _a36
101 _aMAT
245 _aAlgebra 12 An Intermediate Devolepment
_cSaxon.J.H
942 _2udc
_cBK
999 _c47532
_d47532